[Event "Main Vogelsberg op 16th"]
[Site "Waechtersbach"]
[Date "2022.10.01"]
[Round "3"]
[White "Feick, Claas Marten"]
[Black "Ketting, Douwe"]
[Result "0-1"]
[WhiteElo "874"]
[BlackElo "1394"]
[PlyCount "82"]
[EventDate "2022.09.30"]
[EventType "swiss"]
[EventRounds "7"]
[EventCountry "GER"]
[SourceTitle "CBM 210 Extra"]
[Source "ChessBase"]
[SourceDate "2022.11.30"]
[SourceVersion "1"]
[SourceVersionDate "2022.11.30"]
[SourceQuality "1"]

1. d4 Nf6 2. e3 e6 3. Nc3 d5 4. Nf3 c5 5. Be2 cxd4 6. Nxd4 Bb4 7. Bd2 0-0 8. 0-0 Nc6 9. Nxc6 bxc6 10. Na4 Bd6 11. Bc3 Bd7 12. b3 c5 13. Nb2 Ne4 14. Be1 Bc6 15. Bf3 Be5 16. Rb1 Nf6 17. c4 Qc7 18. g3 Rfd8 19. Qe2 Rd7 20. Bd2 Rad8 21. Qe1 Qd6 22. Ba5 Rc8 23. Na4 Bxa4 24. bxa4 dxc4 25. Bb7 Rb8 26. f4 Rdxb7 27. fxe5 Qxe5 28. Bc3 Qe4 29. Rxb7 Rxb7 30. Qd2 Nd5 31. Kf2 h6 32. Ke2 Rd7 33. Kf2 Nf6 34. Qc1 Ng4+ 35. Ke2 Rd3 36. Rf3 Nxh2 37. Rf4 Qg2+ 38. Rf2 Qxg3 39. Rxh2 Qxh2+ 40. Kf3 Qh3+ 41. Ke2 Qg2+ 0-1

[Event "Heusenstamm Sparkassen op-B 6th"]
[Site "Heusenstamm"]
[Date "2019.11.23"]
[Round "4"]
[White "Becker, Ralph"]
[Black "Ketting, Douwe"]
[Result "1-0"]
[WhiteElo "1706"]
[BlackElo "1534"]
[PlyCount "45"]
[EventDate "2019.11.21"]
[EventType "swiss"]
[EventRounds "7"]
[EventCountry "GER"]
[SourceTitle "CBM 194 Extra"]
[Source "ChessBase"]
[SourceDate "2020.03.31"]
[SourceVersion "1"]
[SourceVersionDate "2020.03.31"]
[SourceQuality "1"]

1. Nf3 Nf6 2. c4 g6 3. Nc3 Bg7 4. g3 c5 5. Bg2 Nc6 6. d4 cxd4 7. Nxd4 0-0 8. 0-0 Qb6 9. Nb3 d6 10. Nd5 Nxd5 11. cxd5 Na5 12. Be3 Qb5 13. Nxa5 Qxa5 14. Bd4 Qb4 15. Bxg7 Kxg7 16. Rb1 Bf5 17. a3 Qb6 18. e4 Bd7 19. Qd2 Rac8 20. Rfc1 Rxc1+ 21. Rxc1 Rc8 22. Rxc8 Bxc8 23. Qc3+ 1-0

[Event "Heusenstamm Sparkassen op-B 6th"]
[Site "Heusenstamm"]
[Date "2019.11.22"]
[Round "2"]
[White "Treiber, Volker"]
[Black "Ketting, Douwe"]
[Result "1-0"]
[WhiteElo "1692"]
[BlackElo "1534"]
[PlyCount "59"]
[EventDate "2019.11.21"]
[EventType "swiss"]
[EventRounds "7"]
[EventCountry "GER"]
[SourceTitle "CBM 194 Extra"]
[Source "ChessBase"]
[SourceDate "2020.03.31"]
[SourceVersion "1"]
[SourceVersionDate "2020.03.31"]
[SourceQuality "1"]

1. d4 Nf6 2. Bf4 g6 3. c3 Bg7 4. Nd2 d5 5. h3 0-0 6. Ngf3 Nbd7 7. e3 c5 8. Bd3 cxd4 9. cxd4 b6 10. Rc1 Bb7 11. 0-0 Rc8 12. Qa4 a5 13. Bb5 Nb8 14. Ne5 Ne4 15. Nxe4 dxe4 16. Nd7 Nxd7 17. Bxd7 Rxc1 18. Rxc1 Qa8 19. Bc7 Qa6 20. Qc4 Qa7 21. Qb3 Bc8 22. Ba4 Be6 23. d5 Rc8 24. dxe6 Rxc7 25. Rd1 Qb8 26. exf7+ Kf8 27. Qd5 Rc5 28. Qxe4 Kxf7 29. Bb3+ Kf8 30. Qe6 1-0

[Event "Heusenstamm Sparkassen op-B 6th"]
[Site "Heusenstamm"]
[Date "2019.11.21"]
[Round "1"]
[White "Ketting, Douwe"]
[Black "Moissl, Julian"]
[Result "1-0"]
[WhiteElo "1534"]
[BlackElo "915"]
[PlyCount "49"]
[EventDate "2019.11.21"]
[EventType "swiss"]
[EventRounds "7"]
[EventCountry "GER"]
[SourceTitle "CBM 194 Extra"]
[Source "ChessBase"]
[SourceDate "2020.03.31"]
[SourceVersion "1"]
[SourceVersionDate "2020.03.31"]
[SourceQuality "1"]

1. b4 e5 2. Bb2 Nc6 3. b5 Nce7 4. Bxe5 Ng6 5. Bb2 Nf6 6. e3 Bb4 7. a3 Ba5 8. c4 0-0 9. Nf3 d6 10. Be2 Bf5 11. Nd4 Qd7 12. 0-0 Rfe8 13. Nxf5 Qxf5 14. d4 Re7 15. Bd3 Qg5 16. f4 Qg4 17. Qxg4 Nxg4 18. e4 Rae8 19. e5 dxe5 20. fxe5 Ne3 21. Rf3 Ng4 22. h3 Nh6 23. Nc3 f6 24. Nd5 Rd7 25. exf6 1-0

[Event "Main Vogelsberg op 14th"]
[Site "Waechtersbach"]
[Date "2019.06.08"]
[Round "2"]
[White "Jaehnert, Wolfgang"]
[Black "Ketting, Douwe"]
[Result "1/2-1/2"]
[WhiteElo "1567"]
[BlackElo "1397"]
[PlyCount "68"]
[EventDate "2019.06.07"]
[EventType "swiss"]
[EventRounds "7"]
[EventCountry "GER"]
[SourceTitle "CBM 190 Extra"]
[Source "ChessBase"]
[SourceDate "2019.07.15"]
[SourceVersion "1"]
[SourceVersionDate "2019.07.15"]
[SourceQuality "1"]

1. d4 Nf6 2. Nf3 g6 3. g3 Bg7 4. Bg2 0-0 5. 0-0 d5 6. Nbd2 Be6 7. c3 Qc8 8. Re1 Bh3 9. Ne5 Bxg2 10. Kxg2 c5 11. dxc5 Qxc5 12. Ndf3 Ne4 13. Nd3 Qc8 14. Be3 Nc6 15. Rc1 Qd7 16. Nf4 Rfd8 17. Nh3 h6 18. Nd4 Ne5 19. Rc2 Ng4 20. Qc1 Nxe3+ 21. Qxe3 e5 22. Nb3 Qf5 23. Rec1 d4 24. cxd4 exd4 25. Qf3 Qe6 26. Nf4 Qe8 27. Nd3 Rab8 28. h4 h5 29. Rc7 Nd6 30. R1c2 a6 31. Qf4 b5 32. Nd2 Qxe2 33. Qf3 Qe6 34. b3 Rdc8 1/2-1/2

[Event "Frankfurt-chB"]
[Site "Frankfurt"]
[Date "2019.06.04"]
[Round "6"]
[White "Klinke, Roland1111"]
[Black "Ketting, Douwe"]
[Result "0-1"]
[WhiteElo "1157"]
[BlackElo "1397"]
[PlyCount "72"]
[EventDate "2019.04.29"]
[EventType "swiss"]
[EventRounds "7"]
[EventCountry "GER"]
[SourceTitle "EXT 2020"]
[Source "ChessBase"]
[SourceDate "2019.10.17"]
[SourceVersion "1"]
[SourceVersionDate "2019.10.17"]
[SourceQuality "1"]

1. d4 Nf6 2. c4 g6 3. Nc3 d5 4. cxd5 Nxd5 5. e4 Nxc3 6. bxc3 Bg7 7. Nf3 0-0 8. Be2 c5 9. Rb1 Nc6 10. Bb2 cxd4 11. cxd4 Qa5+ 12. Qd2 Qxa2 13. 0-0 Qa5 14. Bc3 Qc7 15. Rfc1 Qd8 16. d5 Nb8 17. Bxg7 Kxg7 18. Qd4+ Kg8 19. e5 Nd7 20. Bc4 Nb6 21. Ba2 Bf5 22. Rb2 Rc8 23. Rxc8 Qxc8 24. Qd1 Rd8 25. Rd2 Qc5 26. Ng5 h6 27. Nf3 Be4 28. Ne1 Nxd5 29. Nd3 Bxd3 30. Rxd3 e6 31. h3 b5 32. Rd2 Qc6 33. Rc2 Qb6 34. Rd2 Qb7 35. Qg4 Kg7 36. Kf1 Ne3+ 0-1

[Event "Frankfurt-chA"]
[Site "Frankfurt"]
[Date "2018.06.18"]
[Round "7"]
[White "Froehlich Dill, Astrid"]
[Black "Ketting, Douwe"]
[Result "1-0"]
[WhiteElo "1786"]
[BlackElo "1387"]
[PlyCount "79"]
[EventDate "2018.04.30"]
[EventType "swiss"]
[EventRounds "7"]
[EventCountry "GER"]
[SourceTitle "EXT 2019"]
[Source "ChessBase"]
[SourceDate "2018.10.10"]
[SourceVersion "1"]
[SourceVersionDate "2018.10.10"]
[SourceQuality "1"]

1. d4 Nf6 2. c4 g6 3. Nc3 d5 4. cxd5 Nxd5 5. e4 Nxc3 6. bxc3 Bg7 7. Bc4 0-0 8. Ne2 c5 9. 0-0 Nc6 10. Be3 cxd4 11. cxd4 Qc7 12. Rc1 Rd8 13. Bd5 Qd6 14. Qb3 e6 15. Bxc6 bxc6 16. Qc4 Bb7 17. e5 Qd5 18. Qc2 c5 19. Nf4 Qe4 20. Qxe4 Bxe4 21. Rxc5 Rab8 22. f3 Bb1 23. a4 Rb7 24. Rb5 Rxb5 25. axb5 Bc2 26. Rc1 Ba4 27. Ra1 Bxb5 28. Rxa7 Bc4 29. Rc7 Bb3 30. Nd3 Bd5 31. Nc5 h5 32. h4 Ra8 33. Ne4 Bb3 34. Bg5 Bd5 35. Nd6 Ra1+ 36. Kh2 Ra2 37. Kg3 Ra4 38. Rc8+ Kh7 39. Nxf7 Rxd4 40. Bf4 1-0

[Event "Frankfurt-chA"]
[Site "Frankfurt"]
[Date "2018.04.30"]
[Round "1"]
[White "Staerke, Karsten"]
[Black "Ketting, Douwe"]
[Result "1-0"]
[WhiteElo "1804"]
[BlackElo "1387"]
[PlyCount "91"]
[EventDate "2018.04.30"]
[EventType "swiss"]
[EventRounds "7"]
[EventCountry "GER"]
[SourceTitle "EXT 2019"]
[Source "ChessBase"]
[SourceDate "2018.10.10"]
[SourceVersion "1"]
[SourceVersionDate "2018.10.10"]
[SourceQuality "1"]

1. e4 Nf6 2. e5 Nd5 3. c4 Nb6 4. d4 d6 5. exd6 exd6 6. Nc3 Be7 7. Be3 Bf5 8. Bd3 Bxd3 9. Qxd3 N8d7 10. Nf3 h6 11. a3 c5 12. d5 a5 13. Ne4 Nf6 14. Nfd2 Nbd7 15. Bf4 Nxe4 16. Nxe4 Nf6 17. 0-0 0-0 18. Rfe1 Nxe4 19. Rxe4 b6 20. Rae1 Ra7 21. Qe2 Re8 22. Qg4 Kh7 23. R1e3 Qd7 24. Qxd7 Rxd7 25. Bxd6 Rxd6 26. Rxe7 Rxe7 27. Rxe7 Kg6 28. a4 f5 29. f4 Kf6 30. Rc7 g5 31. fxg5+ hxg5 32. Kf2 Ke5 33. b3 Kf6 34. g3 Ke5 35. Kf3 Rf6 36. g4 f4 37. Rg7 Kd4 38. Rxg5 Kc3 39. h4 Kxb3 40. Rf5 Rh6 41. Rh5 Rf6 42. g5 Rf5 43. Rh6 Kxc4 44. Rxb6 Kxd5 45. Rb8 c4 46. g6 1-0

[Event "Heusenstamm Sparkassen op-B 4th"]
[Site "Heusenstamm"]
[Date "2017.11.24"]
[Round "3"]
[White "Skopp, Jonathan"]
[Black "Ketting, Douwe"]
[Result "1/2-1/2"]
[WhiteElo "1218"]
[BlackElo "1580"]
[PlyCount "22"]
[EventDate "2017.11.23"]
[EventType "swiss"]
[EventRounds "7"]
[EventCountry "GER"]
[SourceTitle "EXT 2019"]
[Source "ChessBase"]
[SourceDate "2018.10.10"]
[SourceVersion "1"]
[SourceVersionDate "2018.10.10"]
[SourceQuality "1"]

1. d4 Nf6 2. Bf4 g6 3. e3 Bg7 4. Nf3 0-0 5. Nbd2 d5 6. Ne5 Nbd7 7. Ndf3 c5 8. c3 cxd4 9. cxd4 Qa5+ 10. Qd2 Qxd2+ 11. Nxd2 Nxe5 1/2-1/2

[Event "Frankfurt-chA"]
[Site "Frankfurt"]
[Date "2017.06.12"]
[Round "7"]
[White "Hofmann, Werner"]
[Black "Ketting, Douwe"]
[Result "1-0"]
[WhiteElo "1590"]
[BlackElo "1452"]
[PlyCount "53"]
[EventDate "2017.04.24"]
[EventType "swiss"]
[EventRounds "7"]
[EventCountry "GER"]
[SourceTitle "EXT 2018"]
[Source "ChessBase"]
[SourceDate "2017.10.13"]
[SourceVersion "1"]
[SourceVersionDate "2017.10.13"]
[SourceQuality "1"]

1. d4 Nf6 2. e3 g6 3. Bd3 Bg7 4. f4 d5 5. Nd2 c5 6. c3 cxd4 7. cxd4 Ng4 8. Nb3 Nc6 9. Nf3 f5 10. 0-0 Nf6 11. Bd2 0-0 12. Be1 a5 13. a4 Qb6 14. Bb5 Na7 15. Bxa5 Qd6 16. Bd3 Nc6 17. Bc3 Bd7 18. Nc5 Bc8 19. Ne5 Ne4 20. Nxe4 fxe4 21. Bb5 Na7 22. Be2 Qb6 23. Qd2 Nc6 24. a5 Qc7 25. Rfc1 Nxe5 26. dxe5 e6 27. Bb4 1-0